000 00371nam a2200133Ia 4500
008 231129s1997||||xx |||||||||||||| ||spa||
020 _a958-615-36-5
040 _bspa
082 _aR 371.30281 T255
245 0 _aTecnicas de estudio y lectura rapida
260 _c1997
264 _aEducar Cultural Recreativa.
942 _2ddc
_cBKS
999 _c25076
_d25076